[Event "Indywidualne Mistrzostwa Polski Juniorow do lat 18 - Dziewczeta"]
[Site "Szklarska Poreba"]
[Date "1899-12-30"]
[Round "3.10"]
[White "Guzik, Natalia"]
[Black "Moscicka, Pola"]
[Result "1-0"]
[WhiteTitle "I++"]
[BlackTitle "k++"]
[WhiteElo "1662"]
[BlackElo "1994"]

1. e4 c5 2. Nf3 e6 3. d4 cxd4 4. Nxd4 Nf6 5. Nc3 Nc6 6. Nxc6 bxc6 7. e5 Nd5 8.
Ne4 Qc7 9. f4 Qa5+ 10. c3 Ba6 11. Bxa6 Qxa6 12. Qe2 Qxe2+ 13. Kxe2 f5 14. Nf2
Be7 15. Nd3 Rg8 16. c4 Nb6 17. b3 g5 18. g3 gxf4 19. gxf4 Kf7 20. Be3 Rg2+ 21.
Bf2 Rb8 22. Rag1 Rxg1 23. Rxg1 a5 24. Bc5 Bxc5 25. Nxc5 a4 26. Rd1 Ke8 27. Rg1
Kf7 28. Rd1 Ke8 29. Rd3 Ra8 30. Rh3 axb3 31. axb3 Ra5 32. Nb7 Ra2+ 33. Kd3 Kf7
34. Rxh7+ Kg8 35. Rh3 Rf2 36. Ke3 Rc2 37. Kd4 Nc8 38. Nd6 Ne7 39. Ne8 Ng6 40.
Nf6+ Kf8 41. Nxd7+ Kg7 42. Nc5 Nxf4 43. Rf3 Ne2+ 44. Kd3 Rb2 45. Nxe6+ Kf7 46.
Nd4 c5 47. Nxe2 Rxb3+ 48. Nc3 1-0

[Event "Indywidualne Mistrzostwa Polski Juniorow do lat 18 - Dziewczeta"]
[Site "Szklarska Poreba"]
[Date "1899-12-30"]
[Round "3.11"]
[White "Surpeta, Julia"]
[Black "Orlik, Sandra"]
[Result "1-0"]
[WhiteTitle "I++"]
[BlackTitle "I++"]
[WhiteElo "1583"]
[BlackElo "1681"]

1. c4 e5 2. Nc3 Nc6 3. g3 g6 4. Bg2 Bg7 5. e4 d6 6. Nge2 Nge7 7. O-O Be6 8. Nd5
O-O 9. d3 f5 10. Rb1 a5 11. a3 Qd7 12. f4 Nd8 13. Be3 Bxd5 14. cxd5 c5 15. Qd2
a4 16. Bh3 b5 17. fxe5 Bxe5 18. d4 cxd4 19. Bxd4 Nb7 20. Rbd1 Na5 21. Bxe5 Nc4
22. Qb4 dxe5 23. Rf2 Nc8 24. Rd3 N8d6 25. Nc3 Rab8 26. Rdf3 Qa7 27. exf5 e4 28.
Rf4 g5 29. Rxe4 Nxe4 30. Nxe4 Qe3 31. Qe7 Kh8 32. f6 Rbe8 33. Qg7# 1-0

[Event "Indywidualne Mistrzostwa Polski Juniorow do lat 18 - Dziewczeta"]
[Site "Szklarska Poreba"]
[Date "1899-12-30"]
[Round "3.12"]
[White "Dwilewicz, Agata"]
[Black "Bilczewska, Olga"]
[Result "1/2-1/2"]
[WhiteTitle "k"]
[BlackTitle "I+"]
[WhiteElo "1674"]
[BlackElo "1670"]

1. e4 c6 2. d4 d5 3. exd5 cxd5 4. c4 Nf6 5. Nc3 g6 6. h3 Bg7 7. Nf3 O-O 8. Be2
a6 9. O-O dxc4 10. Bxc4 b5 11. Bb3 Bb7 12. Be3 Nbd7 13. Qe2 Nb6 14. Rfd1 Nbd5
15. Rac1 Rc8 16. Ne5 Qd6 17. a4 b4 18. Nb1 Ne4 19. Nc4 Qf6 20. Nbd2 Nxd2 21. Qxd2
Rfd8 22. Na5 Rxc1 23. Rxc1 Qb6 24. Nxb7 Qxb7 25. Qc2 Nxe3 26. fxe3 Bh6 27. Re1
e6 28. Bc4 a5 29. b3 Qc7 30. Qf2 Qd7 31. Rd1 Qe7 32. Qf3 1/2-1/2

[Event "Indywidualne Mistrzostwa Polski Juniorow do lat 18 - Dziewczeta"]
[Site "Szklarska Poreba"]
[Date "1899-12-30"]
[Round "3.13"]
[White "Sivickis, Wiktoria"]
[Black "Pyzio, Amelia"]
[Result "1/2-1/2"]
[WhiteTitle "I++"]
[BlackTitle "I++"]
[WhiteElo "1611"]
[BlackElo "1760"]

1. d4 d5 2. c4 e6 3. Nf3 Nf6 4. Bg5 Bb4+ 5. Nc3 c5 6. dxc5 Qa5 7. Bxf6 gxf6 8.
Qd4 Nd7 9. cxd5 exd5 10. e3 Bxc3+ 11. Qxc3 Qxc3+ 12. bxc3 Nxc5 13. Nd4 Be6 14.
Rc1 Rg8 15. f3 Kd7 16. Kd2 a6 17. Ne2 Rac8 18. Nf4 Rc6 19. g4 Rgc8 20. Bd3 h6
21. Rc2 Kd6 22. Rb1 R8c7 23. Rb4 Ke7 24. Ne2 Rd6 25. Nd4 Kd7 26. Bf5 Ke7 27. h3
Kd7 28. h4 Ke7 29. Kd1 Rd8 30. Kd2 Rd6 31. Kd1 Rd8 32. Kd2 Rd6 1/2-1/2

[Event "Indywidualne Mistrzostwa Polski Juniorow do lat 18 - Dziewczeta"]
[Site "Szklarska Poreba"]
[Date "1899-12-30"]
[Round "3.14"]
[White "Trusz, Julia"]
[Black "Krzywnicka, Maria"]
[Result "0-1"]
[WhiteTitle "I+"]
[BlackTitle "I++"]
[WhiteElo "1635"]
[BlackElo "1703"]

1. e4 c5 2. Nf3 a6 3. Nc3 d6 4. d4 cxd4 5. Nxd4 Nf6 6. Be2 e5 7. Nb3 Be6 8. Bg5
Nbd7 9. O-O Be7 10. Kh1 O-O 11. f4 exf4 12. Bxf4 Ne5 13. Nd4 Qc7 14. Qe1 b5 15.
Bd3 b4 16. Nce2 a5 17. Ng3 Ng6 18. Qd2 Nxf4 19. Qxf4 g6 20. a3 Qc5 21. Nge2 Nh5
22. Qf3 bxa3 23. Rxa3 Qg5 24. Nf4 Bg4 25. Qf2 d5 26. Raa1 dxe4 27. Bxe4 Ra6 28.
Nxh5 Qxh5 29. Nc6 Bd6 30. g3 Bd7 31. Nd4 Bc5 32. c3 Qe5 33. Bd3 Ra7 34. Rfe1 Qd5+
35. Qg2 Qd6 36. Nb5 0-1

[Event "Indywidualne Mistrzostwa Polski Juniorow do lat 18 - Dziewczeta"]
[Site "Szklarska Poreba"]
[Date "1899-12-30"]
[Round "3.15"]
[White "Koruch, Maria"]
[Black "Samujlo, Agnieszka"]
[Result "0-1"]
[WhiteTitle "I+"]
[BlackTitle "I++"]
[WhiteElo "1685"]
[BlackElo "1419"]

1. e4 c5 2. Nf3 e6 3. d4 cxd4 4. Nxd4 a6 5. Bd3 Nf6 6. O-O e5 7. Ne2 Nc6 8. Nd2
Be7 9. a4 d5 10. exd5 Nxd5 11. Nc4 Ndb4 12. f4 Nxd3 13. cxd3 exf4 14. Bxf4 Be6
15. Kh1 O-O 16. Rc1 Nb4 17. d4 Na2 18. Rc2 Bf5 19. Rd2 Bb4 20. Qb3 Bxd2 21. Bxd2
Be6 22. Nf4 Qxd4 23. Nxe6 fxe6 24. Rd1 b5 25. Ne3 Qxa4 26. Qxe6+ Kh8 27. Ra1 Qd4
28. Rd1 Qxb2 29. h3 Rfd8 30. Qc6 Rdc8 31. Qe4 Nc3 32. Bxc3 Qxc3 33. Rd7 Re8 34.
Re7 Qc8 35. Ng4 Rxe7 36. Qxe7 Qf8 37. Qb7 h6 38. Ne5 Qf1+ 39. Kh2 Re8 40. Qe4
Kg8 41. Qd5+ Kh8 42. Qe4 Rxe5 43. Qxe5 Qf6 44. Qc5 Kh7 45. Qc2+ Qg6 46. Qc5 Qd3
47. Qb4 Kg6 48. Qg4+ Kf6 49. Qc8 Ke7 50. Qb7+ Qd7 51. Qe4+ Kd6 52. Qd4+ Kc6 53.
Qc3+ Kb7 54. Qb4 Kb6 55. Qg4 Qxg4 0-1

[Event "Indywidualne Mistrzostwa Polski Juniorow do lat 18 - Dziewczeta"]
[Site "Szklarska Poreba"]
[Date "1899-12-30"]
[Round "3.16"]
[White "Kindler, Karolina"]
[Black "Ossolinska, Matylda"]
[Result "1/2-1/2"]
[WhiteTitle "I++"]
[BlackTitle "I+"]
[WhiteElo "1604"]
[BlackElo "1665"]

1. d4 d5 2. c4 c6 3. Nf3 Nf6 4. Nc3 e6 5. Bg5 Nbd7 6. cxd5 exd5 7. e3 Be7 8. Bd3
Nf8 9. Qc2 Ne6 10. Bh4 g6 11. Ne5 Ng7 12. O-O O-O 13. Rab1 Bf5 14. b4 a6 15. a4
Bxd3 16. Qxd3 Nf5 17. Bg5 Nd7 18. Nxd7 Qxd7 19. Bxe7 Qxe7 20. b5 axb5 21. axb5
Rfc8 22. bxc6 bxc6 23. Qc2 Nd6 24. Na4 Nc4 25. Nb6 Nxb6 26. Rxb6 c5 27. dxc5 Rxc5
28. Qb3 Rac8 29. Rb8 Qc7 30. Rxc8+ Qxc8 31. Rd1 Qc6 32. Qb8+ Qc8 33. Qe5 Qc6 34.
g3 Rc1 35. Qb8+ Kg7 36. Qb2+ Rc3 37. Rd3 d4 38. Rxd4 Rc2 39. Rc4+ Rxb2 40. Rxc6
Rd2 41. Kg2 Ra2 42. Kf3 Ra3 43. h4 Rb3 44. Rd6 Ra3 45. Kf4 Ra5 46. e4 Ra2 47.
f3 Ra4 48. Kg4 Rb4 49. Rd8 Ra4 50. Re8 Rb4 51. h5 Rb5 52. hxg6 hxg6 53. e5 Rb4+
54. f4 Rb6 55. Kg5 Ra6 56. g4 Ra5 57. Rd8 f6+ 58. Kh4 fxe5 59. Rd7+ Kf6 60. g5+
Ke6 61. Rg7 exf4 62. Rxg6+ Kf7 63. Rf6+ Kg7 64. Rxf4 Ra7 65. Kh5 Rd7 66. Re4 Rc7
67. Kg4 Rf7 68. Kh5 Rd7 69. Re5 Rc7 70. Kg4 Rf7 71. Rd5 Rb7 72. Kf5 Ra7 73. g6
Rb7 74. Kg5 Ra7 1/2-1/2

[Event "Indywidualne Mistrzostwa Polski Juniorow do lat 18 - Dziewczeta"]
[Site "Szklarska Poreba"]
[Date "1899-12-30"]
[Round "3.17"]
[White "Zamarska, Sylwia"]
[Black "Dixa, Joanna"]
[Result "1-0"]
[WhiteTitle "I++"]
[BlackTitle "I"]
[WhiteElo "1657"]
[BlackElo "1337"]

1. d4 d5 2. Bf4 e6 3. e3 Nf6 4. Nf3 Bd6 5. Bg3 O-O 6. Bd3 Qe7 7. Nbd2 Nbd7 8. Ne5
c5 9. c3 Nb6 10. O-O Qc7 11. f4 Nbd7 12. Bh4 Re8 13. g4 Nf8 14. g5 N6d7 15. Rf3
Nb8 16. Rh3 Nc6 17. Qh5 g6 18. Qh6 Nxe5 19. fxe5 Be7 20. Nf1 c4 21. Bc2 b5 22.
a3 a5 23. Ng3 Bb7 24. Nh1 Bd8 25. Nf2 f6 26. gxf6 Qf7 27. Qf4 h5 28. Rg3 Kh7 29.
Qg5 Kg8 30. Qxh5 Qh7 31. Bxg6 Nxg6 32. Rxg6+ Kh8 33. Rg8+ Kxg8 34. Qxe8# 1-0

[Event "Indywidualne Mistrzostwa Polski Juniorow do lat 18 - Dziewczeta"]
[Site "Szklarska Poreba"]
[Date "1899-12-30"]
[Round "3.18"]
[White "Borsuk, Aleksandra"]
[Black "Hryn, Zofia"]
[Result "0-1"]
[WhiteTitle "I"]
[BlackTitle "I++"]
[WhiteElo "1307"]
[BlackElo "1592"]

1. e4 c5 2. g3 e6 3. Bg2 d5 4. d3 Bd6 5. exd5 exd5 6. Bxd5 Nf6 7. Bg2 O-O 8. Ne2
Nc6 9. O-O Bg4 10. f3 Be6 11. Nbc3 Qd7 12. Nf4 Bf5 13. Kh1 Rfe8 14. Ne4 Bxe4 15.
dxe4 Rad8 16. c3 Qc7 17. Qc2 h5 18. Nh3 h4 19. f4 hxg3 20. e5 Nxe5 21. fxe5 Bxe5
22. Bf4 gxh2 23. Bxe5 Qxe5 24. Qf5 Qg3 25. Qg5 Qxg5 26. Nxg5 Re5 27. Nf3 Re2 28.
b3 Rd3 29. Rfc1 Nh5 30. Kxh2 Nf4 31. Ne1 Rh3+ 32. Kg1 Nxg2 33. Nxg2 Rg3 34. Kh2
Rgxg2+ 35. Kh3 Rxa2 36. b4 cxb4 37. cxb4 Rxa1 38. Rxa1 Rb2 39. Rxa7 Rxb4 40. Ra8+
Kh7 41. Ra5 b5 42. Kg3 f5 43. Ra1 Kg6 44. Kf3 Re4 45. Ra6+ Kg5 46. Rb6 b4 47.
Rb7 g6 48. Rb5 Rf4+ 49. Kg3 Rc4 50. Rb6 Rc3+ 51. Kf2 b3 52. Ke1 Kh5 53. Kd2 Rh3
54. Kc1 g5 55. Kb2 f4 56. Rb5 Re3 57. Rf5 Kg4 58. Rd5 f3 59. Rd1 f2 60. Rf1 Kf3
0-1

[Event "Indywidualne Mistrzostwa Polski Juniorow do lat 18 - Dziewczeta"]
[Site "Szklarska Poreba"]
[Date "1899-12-30"]
[Round "3.19"]
[White "Bohdanowicz, Nikola"]
[Black "Borek, Dominika"]
[Result "0-1"]
[WhiteTitle "I"]
[BlackTitle "I"]
[WhiteElo "1402"]
[BlackElo "1282"]

1. d4 Nf6 2. c4 e6 3. Nf3 b6 4. Bg5 Bb7 5. Nc3 h6 6. Bh4 g5 7. Bg3 Nh5 8. e4 Nxg3
9. hxg3 Bg7 10. Be2 g4 11. Nh2 h5 12. d5 Bxc3+ 13. bxc3 Qf6 14. Qd2 Na6 15. f4
d6 16. Qe3 O-O-O 17. a4 Nc5 18. Nf1 exd5 19. cxd5 Rde8 20. Nd2 Bxd5 21. Bd3 Bb7
22. Ra3 a5 23. O-O Nxd3 24. Qxd3 h4 25. Qe2 Qg6 26. f5 Qh5 27. c4 h3 28. Rf4 Reg8
29. Nf1 Rg7 30. Ne3 Rhg8 31. Nd5 Bxd5 32. cxd5 hxg2 33. Qxg2 f6 34. Rc3 Qe8 35.
Rc6 Qe5 36. Qc2 Rh7 37. Qc4 Kb7 38. Kg2 Rgg7 39. Qe2 Qa1 40. Rf1 Qxa4 41. Rf4
Qa1 42. Rf1 Qe5 43. Rb1 Re7 44. Rc4 Qxd5 45. Rxc7+ Kxc7 46. exd5 Rxe2+ 47. Kg1
Rhh2 48. Rc1+ Rc2 49. Re1 Rhe2 50. Rb1 a4 51. Kf1 a3 52. Ra1 a2 53. Kg1 Rb2 54.
Rc1+ Rec2 0-1

[Event "Indywidualne Mistrzostwa Polski Juniorow do lat 18 - Dziewczeta"]
[Site "Szklarska Poreba"]
[Date "1899-12-30"]
[Round "4.1"]
[White "Sowa, Wiktoria"]
[Black "Rudzinska, Michalina"]
[Result "1-0"]
[WhiteTitle "k"]
[BlackTitle "WFM"]
[WhiteElo "1954"]
[BlackElo "2065"]

1. e4 c5 2. Nf3 e6 3. d4 cxd4 4. Nxd4 a6 5. Be2 Nc6 6. O-O Qc7 7. c4 Nf6 8. Nc3
Be7 9. Be3 d6 10. Rc1 Nxd4 11. Qxd4 O-O 12. Na4 Nd7 13. Rfd1 Nc5 14. Nc3 Rd8 15.
Qd2 b6 16. b4 Nd7 17. f4 Bb7 18. a3 Rac8 19. Bd3 Bf6 20. Qf2 Qb8 21. Bxb6 Nxb6
22. Qxb6 d5 23. e5 dxc4 24. Bxh7+ Kxh7 25. exf6 Rd3 26. fxg7 Rcd8 27. Qf2 Qd6
28. Rxd3 cxd3 29. f5 Qd4 30. fxe6 fxe6 31. Rd1 Kxg7 32. Qxd4+ Rxd4 33. Kf2 e5
34. Ke3 Bxg2 35. Rxd3 Rc4 36. Kd2 Bc6 37. Rd6 e4 38. Ne2 Kf7 39. Nd4 Ba4 40. h4
Ke7 41. Nf5+ Kf7 42. Rxa6 Rc2+ 43. Ke3 Rc3+ 44. Kxe4 Rxa3 45. Ke5 Ra2 46. Ra7+
Kg8 47. Kf6 Bb3 48. Rxa2 Bxa2 49. b5 Kh7 50. b6 Bd5 51. Kg5 Bc6 52. Nd6 Kg7 53.
b7 Bxb7 54. Nxb7 Kh7 55. Nd6 Kg7 56. Nf5+ Kh7 57. h5 Kh8 58. Kg6 Kg8 59. Nh6+
1-0

[Event "Indywidualne Mistrzostwa Polski Juniorow do lat 18 - Dziewczeta"]
[Site "Szklarska Poreba"]
[Date "1899-12-30"]
[Round "4.2"]
[White "Kucharska, Honorata"]
[Black "Szelag, Zuzanna"]
[Result "1/2-1/2"]
[WhiteTitle "WFM"]
[BlackTitle "k"]
[WhiteElo "2089"]
[BlackElo "1977"]

1. e4 c5 2. Nf3 d6 3. Nc3 g6 4. g3 Bg7 5. Bg2 Nc6 6. O-O Rb8 7. d3 b5 8. h3 b4
9. Ne2 e6 10. Nh2 Nge7 11. f4 Qc7 12. g4 f5 13. Ng3 O-O 14. gxf5 exf5 15. Nf3
a5 16. Rb1 Be6 17. b3 a4 18. Be3 axb3 19. axb3 Ra8 20. Ng5 Bc8 21. exf5 Nxf5 22.
Nxf5 Bxf5 23. Qf3 Rac8 24. Rbe1 Nd4 25. Bxd4 Bxd4+ 26. Kh1 Qd7 27. Qd5+ Kh8 28.
Kh2 Rf6 29. Be4 Be6 30. Nxe6 Qxe6 31. Qb7 Rf7 32. Bd5 Rxb7 33. Rxe6 Rd7 34. Kg3
Rf8 35. h4 Bc3 36. Rf3 Kg7 37. Rfe3 Bf6 38. Kg4 Bd4 39. Re7+ Rxe7 40. Rxe7+ Kh6
41. Rd7 Be3 1/2-1/2

[Event "Indywidualne Mistrzostwa Polski Juniorow do lat 18 - Dziewczeta"]
[Site "Szklarska Poreba"]
[Date "1899-12-30"]
[Round "4.3"]
[White "Swiech, Joanna"]
[Black "Frej, Zofia"]
[Result "1-0"]
[WhiteTitle "k"]
[BlackTitle "k"]
[WhiteElo "1921"]
[BlackElo "2010"]

1. c4 e6 2. d4 d5 3. Nc3 Nf6 4. Bg5 Be7 5. e3 h6 6. Bh4 O-O 7. Nf3 Nbd7 8. cxd5
exd5 9. Bd3 c5 10. Rc1 c4 11. Bb1 Qb6 12. Qc2 Bb4 13. O-O Bxc3 14. bxc3 Re8 15.
Nd2 g6 16. Rce1 Nf8 17. Bxf6 Qxf6 18. e4 Be6 19. e5 Qe7 20. Qc1 Qd7 21. Re3 Nh7
22. f4 Bf5 23. Bxf5 Qxf5 24. Rh3 h5 25. Nf3 Re6 26. Rg3 Ra6 27. Nh4 Qc8 28. f5
g5 29. Rxg5+ Nxg5 30. Qxg5+ Kf8 31. Ng6+ fxg6 32. fxg6+ Ke8 33. g7 Kd7 34. Rf7+
Kc6 35. Rf8 1-0

[Event "Indywidualne Mistrzostwa Polski Juniorow do lat 18 - Dziewczeta"]
[Site "Szklarska Poreba"]
[Date "1899-12-30"]
[Round "4.4"]
[White "Michalska, Aleksandra"]
[Black "Sliwicka, Alicja"]
[Result "0-1"]
[WhiteTitle "I++"]
[BlackTitle "WIM"]
[WhiteElo "1741"]
[BlackElo "2264"]

1. e4 c5 2. c4 Nc6 3. Nc3 g6 4. Nf3 Bg7 5. Be2 e6 6. O-O Nge7 7. d3 O-O 8. Be3
Nd4 9. Rb1 d5 10. Bg5 dxc4 11. dxc4 h6 12. Be3 Nec6 13. a3 Qe7 14. Bxd4 cxd4 15.
Na2 a5 16. Bd3 e5 17. h3 f5 18. Qd2 f4 19. Be2 h5 20. Nh2 Bh6 21. Qd3 Be6 22.
a4 Kh7 23. b3 Rg8 24. Qd1 Qf7 25. Nc1 Nb4 26. Nf3 Qg7 27. Nh2 Qf6 28. Nd3 Nxd3
29. Qxd3 Bf8 30. Rfc1 Rc8 31. Qd1 Be7 32. Bd3 Kh8 33. Be2 Rg7 34. Qd3 Rh7 35.
Bf1 g5 36. g3 b6 37. Qf3 g4 38. hxg4 hxg4 39. Nxg4 Bxg4 40. Qxg4 Rg8 41. Qf5 Qxf5
42. exf5 fxg3 43. f4 exf4 44. Bg2 d3 45. Rd1 Bc5+ 46. Kf1 f3 47. Bxf3 g2+ 0-1

[Event "Indywidualne Mistrzostwa Polski Juniorow do lat 18 - Dziewczeta"]
[Site "Szklarska Poreba"]
[Date "1899-12-30"]
[Round "4.5"]
[White "Kaczmarska, Joanna"]
[Black "Gredka, Dominika"]
[Result "1-0"]
[WhiteTitle "k+"]
[BlackTitle "I++"]
[WhiteElo "2048"]
[BlackElo "1732"]

1. e4 c5 2. Nf3 d6 3. d4 cxd4 4. Nxd4 Nf6 5. Nc3 a6 6. g3 e5 7. Nb3 Be7 8. a4 O-O
9. Bg2 Be6 10. O-O Nbd7 11. Re1 Qc7 12. Nd2 Rac8 13. Nf1 Nb6 14. Ne3 Nc4 15. Ned5
Nxd5 16. Nxd5 Bxd5 17. Qxd5 Nb6 18. Qb3 Nd7 19. Bh3 Rcd8 20. Be3 Qc6 21. f3 Nf6
22. c4 Nd7 23. a5 Nc5 24. Qd1 Rb8 25. b4 Ne6 26. Qd5 Qxd5 27. exd5 Ng5 28. Bg2
f5 29. c5 Nf7 30. Rac1 Rfc8 31. Rc2 Nd8 32. Rec1 g6 33. f4 e4 34. Bf1 Nf7 35.
c6 bxc6 36. Bxa6 Re8 37. dxc6 1-0

[Event "Indywidualne Mistrzostwa Polski Juniorow do lat 18 - Dziewczeta"]
[Site "Szklarska Poreba"]
[Date "1899-12-30"]
[Round "4.6"]
[White "Choinska, Debora"]
[Black "Raczykowska, Paulina"]
[Result "1/2-1/2"]
[WhiteTitle "I++"]
[BlackTitle "k"]
[WhiteElo "1717"]
[BlackElo "1936"]

1. e4 Nf6 2. Nc3 e5 3. Bc4 Nc6 4. Nf3 Nxe4 5. Nxe4 d5 6. Bxd5 Qxd5 7. Nc3 Qd8 8.
h3 Bf5 9. d3 Bc5 10. a3 a6 11. O-O O-O 12. Re1 f6 13. Be3 Bd4 14. Rb1 h6 15. Bxd4
exd4 16. Ne2 Qd7 17. Qd2 Bh7 18. Qf4 Rad8 19. Rbd1 Qd6 20. Qxd6 Rxd6 21. Ng3 Rfd8
22. Re2 Kf7 23. Rde1 Rd5 24. Nf1 Rb5 25. Rb1 a5 26. N1d2 Rc5 27. Nb3 Rb5 28. Nbd2
Rd7 29. Nc4 Rc5 30. b3 b6 31. Rbe1 Rcd5 32. Rd1 Na7 33. a4 Nc6 34. Red2 Re7 35.
Kf1 Nb4 36. Kg1 Na2 37. Re1 Rxe1+ 38. Nxe1 Nc3 39. f4 g5 40. fxg5 hxg5 41. Nf3
Bf5 42. g4 Bc8 43. Rf2 Bb7 44. Kh2 Kg6 45. Kg3 Ba6 46. Nfd2 Rd8 47. Nb2 Re8 48.
Kg2 Bb7+ 49. Kf1 Re3 50. Rh2 Re7 51. Nbc4 Re6 52. Rf2 Bd5 53. Rh2 Re7 54. Rf2
Bb7 55. Rh2 Rh7 56. Ke1 Bc8 57. Nf3 Re7+ 58. Kf1 Nd5 59. Nxd4 Ba6 60. Nf5 Re8
61. Ng3 Bxc4 62. dxc4 Ne3+ 63. Kg1 f5 64. gxf5+ Nxf5 65. Nxf5 Kxf5 66. Rf2+ Kg6
67. Kg2 Re3 68. Rf3 Re2+ 69. Rf2 Re3 70. Rf3 Re5 1/2-1/2

[Event "Indywidualne Mistrzostwa Polski Juniorow do lat 18 - Dziewczeta"]
[Site "Szklarska Poreba"]
[Date "1899-12-30"]
[Round "4.7"]
[White "Kulpa, Zuzanna"]
[Black "Guzik, Natalia"]
[Result "1/2-1/2"]
[WhiteTitle "I++"]
[BlackTitle "I++"]
[WhiteElo "1870"]
[BlackElo "1662"]

1. d4 d5 2. c4 c6 3. Nf3 Nf6 4. Qc2 e6 5. g3 Nbd7 6. Bg2 Bd6 7. O-O O-O 8. Nbd2
Re8 9. Rd1 Qc7 10. e4 dxe4 11. Nxe4 Nxe4 12. Qxe4 h6 13. Be3 c5 14. Qc2 e5 15.
dxe5 Nxe5 16. Nxe5 Bxe5 17. Rd5 Bd6 18. Rad1 Bf8 19. Qb3 Bg4 20. Rc1 Re6 21. Qc3
Rf6 22. h3 Bd7 23. Bf4 Qc8 24. Kh2 Bc6 25. Rd2 Bxg2 26. Kxg2 Qc6+ 27. Kg1 Bd6
28. Bxd6 Rxd6 29. Rcd1 Rad8 30. Rxd6 Rxd6 31. Rxd6 Qxd6 32. Qf3 Qa6 33. b3 Qb6
34. Qe4 g6 35. Kg2 Kf8 36. Kf3 Qf6+ 37. Kg2 Qb6 38. Kf3 Qf6+ 39. Qf4 Qc6+ 40.
Qe4 Qf6+ 41. Qf4 Ke7 42. Qxf6+ Kxf6 1/2-1/2

[Event "Indywidualne Mistrzostwa Polski Juniorow do lat 18 - Dziewczeta"]
[Site "Szklarska Poreba"]
[Date "1899-12-30"]
[Round "4.8"]
[White "Leczek, Weronika"]
[Black "Surpeta, Julia"]
[Result "1-0"]
[WhiteTitle "k"]
[BlackTitle "I++"]
[WhiteElo "1823"]
[BlackElo "1583"]

1. e4 e6 2. d4 d5 3. Nc3 Nf6 4. Qd3 c5 5. Bg5 Be7 6. dxc5 Nc6 7. exd5 exd5 8. O-O-O
d4 9. Bxf6 Bxf6 10. Ne4 O-O 11. Nf3 Bf5 12. Nxf6+ Qxf6 13. Qa3 Rfd8 14. Bd3 a5
15. Bxf5 Qxf5 16. Rd2 Nb4 17. Qb3 Qxc5 18. a3 Nc6 19. Rhd1 b5 20. c3 Rac8 21.
Qc2 Qc4 22. Nxd4 Nxd4 23. Rxd4 Rxd4 24. Rxd4 Qf1+ 25. Qd1 Qxd1+ 26. Kxd1 f6 27.
Rd7 Kf8 28. Kd2 h5 29. Rd5 Rb8 30. Rxh5 Kf7 31. Kd3 Ke6 32. Rh3 Rd8+ 33. Kc2 Rd5
34. Re3+ Kf5 35. Re2 g5 36. Kb3 Rc5 37. a4 g4 38. axb5 Rxb5+ 39. Ka4 Rc5 40. b4
axb4 41. cxb4 1-0

[Event "Indywidualne Mistrzostwa Polski Juniorow do lat 18 - Dziewczeta"]
[Site "Szklarska Poreba"]
[Date "1899-12-30"]
[Round "4.9"]
[White "Buchta, Agnieszka"]
[Black "Krzywnicka, Maria"]
[Result "1/2-1/2"]
[WhiteTitle "I++"]
[BlackTitle "I++"]
[WhiteElo "1792"]
[BlackElo "1703"]

1. e4 c5 2. Nf3 d6 3. d4 cxd4 4. Nxd4 Nf6 5. Nc3 a6 6. Be2 e5 7. Nf3 Be7 8. Bg5
Nbd7 9. a4 O-O 10. O-O Qc7 11. Nd2 b6 12. Bc4 Bb7 13. Qe2 Rfd8 14. Rfd1 Rdc8 15.
Bb3 Qc5 16. Be3 Qc7 17. Kh1 h6 18. f3 Nc5 19. Bxc5 dxc5 20. Bc4 Rd8 21. Nf1 Rd4
22. Ne3 Bf8 23. Ncd5 Bxd5 24. Nxd5 Nxd5 25. Bxd5 Rxd1+ 26. Rxd1 Ra7 27. h3 Be7
28. Bc4 Qc6 29. b3 a5 30. Rd5 Qf6 31. Qd2 Qf4 32. Qxf4 exf4 33. Kg1 Kf8 34. Kf1
Rc7 35. Rf5 Bg5 36. Rd5 Be7 37. Rf5 Bg5 38. Rd5 Be7 39. Bb5 Kg8 40. Ke2 g6 41.
Kd3 Kg7 42. Kc4 Rc8 43. Rd7 Bd8 44. Kd5 Bc7 45. Kc6 Be5+ 46. Kxb6 Bc3 47. Bc4
Kf6 48. Rxf7+ Kg5 49. Rd7 Rb8+ 50. Kxc5 Kh4 51. Rd1 Kg3 52. Bf1 Kf2 53. Kc4 Be1
54. Bd3 Bb4 55. Bf1 Be1 56. Bd3 Bb4 57. e5 Kxg2 58. Bxg6 Kxf3 59. e6 Ke2 60. Rd3
Rc8+ 61. Kd4 Rxc2 62. Re3+ fxe3 63. Bxc2 Kd2 64. Bd3 e2 65. Bxe2 Kxe2 66. Ke5
Kf3 67. Kf6 Kg3 68. e7 Bxe7+ 69. Kxe7 Kxh3 70. b4 axb4 71. a5 b3 72. a6 b2 73.
a7 b1=Q 74. a8=Q Qb4+ 75. Kf6 Qf4+ 76. Kg6 Qg5+ 77. Kh7 h5 78. Qf3+ Kh4 79. Qh1+
Kg4 80. Qg2+ Kf5 81. Qd5+ Kf6 82. Qd8+ Kf5 83. Qd5+ Kf4 84. Qd2+ Ke5 1/2-1/2

[Event "Indywidualne Mistrzostwa Polski Juniorow do lat 18 - Dziewczeta"]
[Site "Szklarska Poreba"]
[Date "1899-12-30"]
[Round "4.10"]
[White "Bilczewska, Olga"]
[Black "Skiba, Aleksandra"]
[Result "0-1"]
[WhiteTitle "I+"]
[BlackTitle "I++"]
[WhiteElo "1670"]
[BlackElo "1743"]

1. d4 Nf6 2. c4 g6 3. Nc3 d5 4. b3 Bg7 5. Nf3 O-O 6. g3 c5 7. e3 Nc6 8. Bb2 cxd4
9. Nxd4 Nxd4 10. exd4 Bg4 11. Qd3 Bf5 12. Qd1 dxc4 13. bxc4 Qb6 14. Qb3 Qxd4 15.
Rd1 Qe5+ 16. Be2 Ne4 17. Rd5 Qe6 18. O-O Nxc3 19. Bxc3 Qxe2 20. Re1 Qg4 21. Rxe7
Be6 22. Rd1 Bxc3 23. Rd3 0-1

[Event "Indywidualne Mistrzostwa Polski Juniorow do lat 18 - Dziewczeta"]
[Site "Szklarska Poreba"]
[Date "1899-12-30"]
[Round "4.11"]
[White "Karlyk, Maria"]
[Black "Dwilewicz, Agata"]
[Result "1/2-1/2"]
[WhiteTitle "I"]
[BlackTitle "k"]
[WhiteElo "1725"]
[BlackElo "1674"]

1. e4 e5 2. d4 exd4 3. Qxd4 Nc6 4. Qe3 Nf6 5. Bd2 d6 6. h3 Be7 7. Bd3 Be6 8. f4
d5 9. e5 Ne4 10. Bxe4 dxe4 11. Nc3 Nd4 12. O-O-O Nf5 13. Qf2 Bh4 14. Qc5 Ng3 15.
Rh2 Qe7 16. Qe3 O-O 17. Nge2 Nxe2+ 18. Qxe2 f5 19. exf6 Qxf6 20. Nxe4 Qf7 21.
a3 Bc4 22. Qg4 Be7 23. g3 Be6 24. Qe2 Bc4 25. Qf2 Qf5 26. Re1 b5 27. Bc3 a5 28.
Qd4 Qf7 29. Bd2 b4 30. a4 Rfd8 31. Qe3 b3 32. Nc3 Bf6 33. Qf3 bxc2 34. Re3 Bd4
35. Re1 Bb3 36. Rhe2 Re8 37. Qc6 Red8 38. Re7 Qf8 39. Qb5 Rdb8 40. Qd3 Bf6 41.
Rxc7 Rd8 42. Qe3 Re8 43. Ne4 Bxa4 44. Nxf6+ 1/2-1/2

[Event "Indywidualne Mistrzostwa Polski Juniorow do lat 18 - Dziewczeta"]
[Site "Szklarska Poreba"]
[Date "1899-12-30"]
[Round "4.12"]
[White "Samujlo, Agnieszka"]
[Black "Moscicka, Pola"]
[Result "0-1"]
[WhiteTitle "I++"]
[BlackTitle "k++"]
[WhiteElo "1419"]
[BlackElo "1994"]

1. e4 c5 2. Nf3 Nc6 3. d4 cxd4 4. Nxd4 Nf6 5. Nc3 e5 6. Ndb5 d6 7. Bg5 a6 8. Na3
b5 9. Nd5 Be7 10. Bxf6 Bxf6 11. c3 O-O 12. Nc2 Bg5 13. h4 Bh6 14. g4 Bf4 15. Qf3
Be6 16. Nxf4 Qf6 17. Be2 exf4 18. a4 Ne5 19. Qh3 f3 20. Bf1 Qf4 21. Ne3 Nxg4 22.
Nxg4 Bxg4 23. Qg3 Qxe4+ 24. Kd2 Bf5 25. Rc1 Qd5+ 26. Ke3 Rfe8+ 27. Kd4 0-1

[Event "Indywidualne Mistrzostwa Polski Juniorow do lat 18 - Dziewczeta"]
[Site "Szklarska Poreba"]
[Date "1899-12-30"]
[Round "4.13"]
[White "Pyzio, Amelia"]
[Black "Zamarska, Sylwia"]
[Result "1-0"]
[WhiteTitle "I++"]
[BlackTitle "I++"]
[WhiteElo "1760"]
[BlackElo "1657"]

1. e4 c6 2. d4 d5 3. exd5 cxd5 4. Bd3 Nc6 5. c3 Nf6 6. Bf4 Bg4 7. Qb3 Qd7 8. Nd2
e6 9. Ngf3 Bxf3 10. Nxf3 a6 11. O-O Be7 12. Rae1 O-O 13. Bb1 Na5 14. Qc2 Nc4 15.
Ne5 Qb5 16. Re2 g6 17. Bg5 Rfe8 18. Qc1 Nxe5 19. Rxe5 Nd7 20. a4 Bxg5 21. Rxg5
Qxa4 22. h4 Nf6 23. Qf4 Kg7 24. Qe5 Qd7 25. Rg3 Qe7 26. Rf3 h5 27. Re1 Rac8 28.
Ree3 Rc6 29. Rf4 Rb6 30. b4 Rc6 31. Ref3 Rec8 32. Rxf6 Kg8 33. Bxg6 1-0

[Event "Indywidualne Mistrzostwa Polski Juniorow do lat 18 - Dziewczeta"]
[Site "Szklarska Poreba"]
[Date "1899-12-30"]
[Round "4.14"]
[White "Orlik, Sandra"]
[Black "Kindler, Karolina"]
[Result "1/2-1/2"]
[WhiteTitle "I++"]
[BlackTitle "I++"]
[WhiteElo "1681"]
[BlackElo "1604"]

1. e4 d5 2. exd5 Nf6 3. d4 Nxd5 4. c4 Nb6 5. Nf3 Bg4 6. Be2 e6 7. O-O Be7 8. Be3
O-O 9. Nc3 Nc6 10. b3 f5 11. Ne5 Bxe2 12. Nxe2 Nxe5 13. dxe5 c5 14. f4 Qc7 15.
Qc2 Rfd8 16. Rfd1 Rxd1+ 17. Rxd1 Rd8 18. Nc3 a6 19. h3 Nd7 20. g4 g6 21. Qg2 Kh8
22. Kh2 Nxe5 23. gxf5 gxf5 24. Rxd8+ Bxd8 25. Na4 Ng6 26. Nxc5 Nxf4 27. Qg3 Ne2
28. Qxc7 Bxc7+ 29. Kg2 Bb6 30. Kf3 Bxc5 31. Bxc5 Nc1 32. Ke3 Nxa2 33. Kd2 a5 34.
Bb6 Nb4 35. Bxa5 Nc6 36. Bc3+ Kg8 37. b4 Kf7 38. b5 Ne7 39. Ke3 Ke8 40. Kf4 Kd7
41. Kg5 Nc8 42. c5 Na7 43. b6 Nb5 44. Be1 Nd4 45. Kf6 Nf3 46. Bf2 Nd2 47. Be3
Ne4+ 48. Ke5 Nc3 49. h4 Nd5 50. Bf2 Nb4 51. Be3 1/2-1/2